000 00977nam1a22002411i 4500
001 v19\rc\1309778
005 20260407001353.0
035 _a(NLR Aleph) 004466733
090 _a4543295
_c4543295
100 _a20060512d18991914|||y0rusy50 ca
101 0 _arus
102 _aRU
105 _ay z |||||
200 1 _aОтчет Аккерманской городской управы о доходах и расходах города Аккермана...
210 _aАккерман
_d1899-1914
215 _d21
300 _aС отчета за 1911 г. загл.: "Денежный отчет Аккерманской городской управы..."
517 0 _aДенежный отчет Аккерманской городской управы...
710 0 2 _aАккерманская гор. управа
_3RU\NLR\AUTH\889991697
_9479361
801 0 _aRU
_bNLR
_gpsbo
801 1 _aRU
_bProSoft-M
_2rusmarc
852 _aNLR
_jШифры разные
942 _cBOOK